| 000 | 01027nam1a2200277 i 4500 | ||
|---|---|---|---|
| 001 | RU\NLR\bibl\918228 | ||
| 005 | 20260407133844.0 | ||
| 035 | _a(NLR Aleph) 000906520 | ||
| 090 |
_a20039 _c20039 |
||
| 100 | _a20060320g20059999u y0rusy50 ca | ||
| 101 | 0 | _arus | |
| 102 | _aRU | ||
| 105 | _a||||b ||||| | ||
| 200 | 1 |
_aСветотехника _fiElctro информ. система |
|
| 210 |
_a[Б. м. _cб. и.] _d2005 _eМожайск: Можайский полиграфический комбинат |
||
| 215 | _d29 | ||
| 225 | 1 |
_aКаталог описаний и схем по электротехнике _v... |
|
| 463 | 0 | _1001892202 | |
| 606 | 1 |
_aСветотехника _jКаталоги _91069515 _3RU\NLR\auth\6697811 |
|
| 686 | _aЗ294я87 | ||
| 712 | 0 | 2 |
_4570 _8eng _8rus _a"iElectro", информационная система _7ba _7ca _3RU\NLR\AUTH\8810080275 _9662680 |
| 801 | 0 |
_aRU _bNLR _c20060320 _grcr |
|
| 801 | 1 |
_aRU _bNLR _c20060320 |
|
| 852 |
_aNLR _jПт 2005-2/183 |
||
| 942 | _cBOOK | ||